The Gospel according to Paul: (Record no. 5669)

000 -LEADER
fixed length control field 00582nam a2200181 a 4500
001 - CONTROL NUMBER
control field :::00003411$&:&@@
003 - CONTROL NUMBER IDENTIFIER
control field OkBaRHE
005 - DATE AND TIME OF LATEST TRANSACTION
control field 20000607103305.0
008 - FIXED-LENGTH DATA ELEMENTS--GENERAL INFORMATION
fixed length control field s1956 j 000 0 eng u
040 ## - CATALOGING SOURCE
Transcribing agency
100 1# - MAIN ENTRY--PERSONAL NAME
Personal name Allen, Clifton J.
245 14 - TITLE STATEMENT
Title The Gospel according to Paul:
Remainder of title a study of the letter to the Romans.
260 ## - PUBLICATION, DISTRIBUTION, ETC. (IMPRINT)
Place of publication, distribution, etc Nashville, TN., :
Name of publisher, distributor, etc Convention Press
Date of publication, distribution, etc c1956
300 ## - PHYSICAL DESCRIPTION
Extent 148 p. ;
Dimensions 19 cm.
650 ## - SUBJECT ADDED ENTRY--TOPICAL TERM
Topical term or geographic name as entry element Bible New Testament Romans
942 ## - ADDED ENTRY ELEMENTS (KOHA)
Source of classification or shelving scheme
Koha item type Books
Copies
Copy number Price effective from Source of classification or shelving scheme Not for loan Barcode Damaged status Date last seen Permanent Location Shelving location Lost status Withdrawn status Koha item type Date acquired Full call number
12010-04-14  3411 2018-03-28RHEMA Bible Training CollegeGeneral Stacks  Books2010-04-14BS 2665 .A4